Muros

Na minha lista:
Detalhes bibliográficos
Autor principal: Sosa, Roberto
Formato: Livro
Idioma:Undetermined
Publicado em: Tegucigalpa, Honduras La Democracia 1966
Assuntos:
Tags: Adicionar Tag
Sem tags, seja o primeiro a adicionar uma tag!

MARC

LEADER 00000nam a2200000Ia 4500
008 170316s9999 xx 000 0 und d
040 |a cru BVZT 
090 |a 860 S-31m 
100 |a Sosa, Roberto 
245 |a Muros 
260 |a Tegucigalpa, Honduras 
260 |b La Democracia 
260 |c 1966 
300 |a 66 páginas 
650 |a LITERATURA LATINOAMERICANA 
999 |c 9243  |d 9243 
942 |c 15 D  |h 860 S-31m  |2 z